000 00339 a2200109 4500
001 ART_19237
005 20260410161921.0
008 260409a
245 1 0 _aEl criterio administrativo sobre el objeto social
100 1 _aMascheroni, Fernando H.
773 0 _tLa información
_g- Tomo XL, Nº 596 (ago. 1979)
_wREV14902
999 _c27722
_d27722